| 000 | 00422nam a22001697a 4500 | ||
|---|---|---|---|
| 003 | NUST - PNEC | ||
| 005 | 20170116180837.0 | ||
| 008 | 150811b xxu||||| |||| 00| 0 eng d | ||
| 020 | _a8179921999 | ||
| 040 | _cLIBRARY | ||
| 082 | _a533.7 SON | ||
| 100 |
_95099 _aSone, Yoshio |
||
| 245 |
_aKinetic theory and fluid dynamics _cYoshio Soni |
||
| 260 | _cc.2004 | ||
| 650 |
_95101 _aFluid Dynamics _xME |
||
| 942 |
_2ddc _cBK |
||
| 999 |
_c64276 _d64276 |
||